000 00217nam a2200097Ia 4500
005 20251222114353.0
008 251222s1900||||xx |||||||||||||| ||spa||
082 _aDVD0150/T72/1961
245 0 _aFray escoba:
942 _cDVD
999 _c1329
_d1329